MARC

LEADER 00000nam0a2200000 4500
001 254262
005 20231101232923.0
010 |a 5726001788 
035 |a (RuTPU)RU\TPU\book\276696 
090 |a 254262 
100 |a 20140319d1989 m y0rusy50 ca 
101 0 |a rus 
102 |a RU 
105 |a y z 000zy 
200 1 |a Личная жизнь: пределы вмешательства  |f И. Л. Петрухин 
210 |a Москва  |c Юридическая литература  |d 1989 
215 |a 192 с. 
225 1 |a Право для всех 
606 1 |a Уголовный процесс   |x Россия  |2 stltpush  |3 (RuTPU)RU\TPU\subj\62453  |9 79529 
610 1 |a личная жизнь 
610 1 |a граждане 
610 1 |a неприкосновенность 
610 1 |a преступления 
610 1 |a охрана 
686 |a Х629.3  |v LBC/SL-A  |2 rubbk 
700 1 |a Петрухин  |b И. Л.  |g Игорь Леонидович 
801 1 |a RU  |b 63413507  |c 20140319 
801 2 |a RU  |b 63413507  |c 20140327  |g RCR 
942 |c BK